| 000 | 00869cam a22002411 4500 | ||
|---|---|---|---|
| 001 | gs 55000217 | ||
| 003 | DLC | ||
| 005 | 20260227111403.0 | ||
| 008 | 790612s1954 sduab s000 0 eng c | ||
| 010 | _ags 55000217 | ||
| 035 | _a(OCoLC)5058539 | ||
| 040 |
_aU.S. Geol. Survey Libr. _cTxCM _dOCoLC _dDLC |
||
| 042 | _apremarc | ||
| 050 | 0 | 0 |
_aQE163 _b.B6 |
| 100 | 1 | _aBolin, Edward J. | |
| 245 | 1 | 0 |
_aWell logs in South Dakota east of Missouri River, _cby Edward J. Bolin and Bruno C. Petsch. |
| 260 |
_aVermillion, _bUniversity of South Dakota, _c1954. |
||
| 300 |
_aii, 95 p. _bmap, tables. _c28 cm. |
||
| 490 | 1 |
_aSouth Dakota. State Geological Survey. Report of investigations _vno. 75 |
|
| 650 | 0 |
_aBorings _zSouth Dakota. |
|
| 700 | 1 |
_aPetsch, Bruno Carl, _d1901- _ejoint author. |
|
| 830 | 0 |
_aReport of investigations (South Dakota Geological Survey) ; _vno. 75. |
|
| 999 |
_c28963 _d28963 |
||